000 00814nam a2200229 a 4500
999 _c12109
_d12109
003 BD-JhCC
005 20210315114147.0
008 210315t20002017bg a|||| ||a| 001 0 mul d
020 _a9789848980316
035 _a(BD-JhCC)
040 _aBD-JhCC
_dBD-JhCC
041 _amul
082 _a004
_bRAH 2017
100 _aরহমান, মোঃ মাহবুবুর
245 _aভিজুয়্যাল বেসিক ভার্সন ৬.০ /
_cমোঃ মাহবুবুর রহমান
260 _aঢাকা :
_bসিসটেক পাবলিকেশন্স;
_c২০১৭.
300 _aখন্ড ১-২
_bচিত্রাবলী;
_c২১ সে.মি.
500 _a
650 _aSpona, Helma 1968-
942 _2ddc
_cBK